Vplyv zmien v devízovom styku po vstupe Slovenska do eurozóny na podnikanie v cestovnom ruchu

Analýza zmien v platobnom styku po vstupe SR do eurozóny. Zavedenie spoločnej meny euro a následné vytvorenie možnosti používania spoločného platidla v hotovostnom i bezhotovostnom styku v rámci krajín eurozóny malo vplyv na činnosť cestovných kancelárií. Cestovné kancelárie ako sprostredkovateľ slu...

Descripción completa

Guardado en:
Detalles Bibliográficos
Autor principal: Tešínská, Lucia
Formato: Capítulo de libro
Lenguaje:eslovaco
Materias:
Etiquetas: Agregar Etiqueta
Sin Etiquetas, Sea el primero en etiquetar este registro!

MARC

LEADER 00000naa a2200000 4500
001 0208164
005 20231127124459.9
041 0 |a slo 
044 |a CZ 
245 1 0 |a Vplyv zmien v devízovom styku po vstupe Slovenska do eurozóny na podnikanie v cestovnom ruchu  |c Lucia Tešínská 
520 |a Analýza zmien v platobnom styku po vstupe SR do eurozóny. Zavedenie spoločnej meny euro a následné vytvorenie možnosti používania spoločného platidla v hotovostnom i bezhotovostnom styku v rámci krajín eurozóny malo vplyv na činnosť cestovných kancelárií. Cestovné kancelárie ako sprostredkovateľ služieb klientom v príchodovom a odchodovom cestovnom ruchu pociťujú zavedenie eura špecifickejšie ako iné podnikateľské subjekty. Na základe induktívno-deduktívneho prístupu vyjadrenie pozitívneho a negatívného vplyvu zavedenia eura na činnosť cestovných kancelárií. Predpokladom spracovania je analýza politiky devízového styku pred vstupom a po vstupe SR do eurozóny a jeho legislatívna úprava. 
610 2 0 |a ruch cestovný 
610 2 0 |a Slovensko 
610 2 0 |a Európska únia 
610 2 0 |a styk platobný 
610 2 0 |a eurozóna 
610 2 0 |a kancelárie cestovné 
100 1 |a Tešínská, Lucia